Koniec slovenského mlieka?

Situácia na slovenskom trhu s mliekom a mliečnymi výrobkami. Obchodníci prispôsobujú svoje stratégie dôsledkom mliečnej krízy. Návrat slovenských spotrebiteľov k tradičným výrobkom a chutiam, ktoré sa produkujú na farmách a v domácich slovenských fabrikách zo slovenského mlieka.

Salvato in:
Dettagli Bibliografici
Autore principale: Ondruš, Michal
Natura: Capitolo di libro
Lingua:slovacco
Soggetti:
Tags: Aggiungi Tag
Nessun Tag, puoi essere il primo ad aggiungerne!!

MARC

LEADER 00000naa a2200000 4500
001 0221779
005 20160907130835.9
041 0 |a slo 
044 |a SK 
245 1 0 |a Koniec slovenského mlieka?  |c Michal Ondruš 
520 |a Situácia na slovenskom trhu s mliekom a mliečnymi výrobkami. Obchodníci prispôsobujú svoje stratégie dôsledkom mliečnej krízy. Návrat slovenských spotrebiteľov k tradičným výrobkom a chutiam, ktoré sa produkujú na farmách a v domácich slovenských fabrikách zo slovenského mlieka. 
610 2 0 |a mlieko 
610 2 0 |a výrobky 
610 2 0 |a výrobky domáce 
610 2 0 |a priemysel mliekarský 
610 2 0 |a obchodníci 
610 2 0 |a spotrebitelia 
610 2 0 |a Slovensko 
100 1 |a Ondruš, Michal